000 00462nam a2200181Ia 4500
001 3640
003 IN-NITTTR
005 20251114232950.0
008 251113s9999||||xx |||||||||||||| ||eng||
040 _beng
040 _cIN-NITTTR
041 _aeng
082 _a629.832 C426S
100 _aChestnut, Harold
245 0 _aServomechanisms and regulating system design /
_cChestnut, Harold, Mayer, Robert W.
700 _a Mayer, Robert W.
942 _2ddc
_cBK
999 _c5969
_d5969